000 00460nam a2200181Ia 4500
001 14792
005 20260306164940.0
008 260306t2001||||xx |||||||||||||| ||spa||
041 _aESP
082 _a519.3
_bB24
100 _aBarbolla, Rosa
_eAUT
245 0 _aOptimización:
_bcuestiones, ejercicios y aplicaciones a la economía
260 _c2001
300 _a440 páginas :
_c27 cm.
650 _aGEN
654 _aCMA
942 _cLIB
_dJUS
_fJUS
_2ddc
_n
999 _c14792
_d14792